01142nam a2200253Ia 450000500170000000800410001702000180005805000230007610000300009924500710012925000180020026000390021830000440025733600100030133700140031133800120032550000370033750400420037450503160041665000330073265000260076570000510079170000460084220231102151117.0120626s2001 mx a 000 0 spa d a978970103416314aF318 bA57218 20011 aAnderson, John R. eautor10aAprendizaje y memoria: bUn enfoque integral c / John R. Anderson a2a. edición aMéxicob : McGraw Hillc , 2001 a513 páginasbdiagramas, ilustraciones atexto asin medio avolumen aIncluye: Índices (pp. 497-513) aIncluye: Bibliografía (pp. 454-494)2 aPerspectivas del aprendizaje y la memoria Condicionamiento clásico Condicionamiento instrumental Reforzamiento y aprendizaje Recuerdos transitorios Adquisición de recuerdos Retención de recuerdos Recuperación de recuerdosAdquisición de habilidades Aprendizaje inductivo Aplicaciones a la educación 14aAPRENDIZAJExPSICOLOGÍA 24aMEMORIAxPSICOLOGÍA aVelázquez Arellano, Jorge Albertoetraductor aIzquierdo Castañeda, Angelesetraductor